|
|
|
|
| LEADER |
00000cas a2200000 a 4500 |
| 001 |
vtls010063172 |
| 003 |
SK-MaSNL |
| 005 |
20260228164229.0 |
| 008 |
171124d20052009xo fr|p 0 b0slo |
| 022 |
|
|
|a 1336-698X
|
| 040 |
|
|
|a SNK
|b slo
|c SNK
|e AACR2
|
| 041 |
0 |
|
|a slo
|
| 044 |
|
|
|a xo
|c SK
|
| 072 |
|
7 |
|a 793
|x Spoločenské zábavy
|2 konspekt
|
| 072 |
|
7 |
|a 79
|x Rekreácia. Voľný čas. Zábavy. Hry. Šport
|2 konspekt
|
| 072 |
|
7 |
|a 37
|x Výchova a vzdelávanie
|2 konspekt
|
| 080 |
|
|
|a 050
|2 2011
|
| 080 |
|
|
|a 379.8
|2 2011
|
| 080 |
|
|
|a 79
|2 2011
|
| 080 |
|
|
|a 379.8(051)
|2 2011
|
| 210 |
0 |
|
|a Maľované hlavol. výb.
|
| 222 |
|
0 |
|a Maľované hlavolamy výber
|
| 245 |
0 |
0 |
|a Maľované hlavolamy výber
|
| 260 |
|
|
|a Nitrianske Pravno
|b Maquita
|c [2005]-[2009?]
|
| 300 |
|
|
|a zv.
|c 21 cm
|
| 310 |
|
|
|a 4x ročne
|b 2/2009
|
| 321 |
|
|
|a 2x ročne
|b [2005]-1/2009
|
| 362 |
0 |
|
|a [2005]-[2009?]
|
| 490 |
1 |
|
|a Už to mám!
|
| 500 |
|
|
|a Popis podľa: [2006]
|
| 500 |
|
|
|a Reg. č.: 3353/2005
|
| 500 |
|
|
|a Evidenčné číslo: EV 1957/08
|
| 500 |
|
|
|a Šéfredaktorky sa menia
|
| 500 |
|
|
|a V č. 2/2009 uvedená periodicita štvrťročník, ale vyšli len 2 čísla
|
| 500 |
|
|
|a Každé číslo má rôznu tématiku
|
| 515 |
|
|
|a Chybné ročníkovanie
|
| 650 |
0 |
7 |
|a hlavolamy
|2 SNKPH
|9 3312
|
| 650 |
0 |
7 |
|a voľný čas
|2 SNKPH
|9 3355
|
| 655 |
|
7 |
|a časopisy pre voľný čas
|2 SNKPH
|9 70337
|
| 770 |
0 |
|
|t Maľované hlavolamy, zbierka
|x 1336-4057
|w vtls008901233
|
| 830 |
|
0 |
|a Už to mám!
|9 270783
|
| 910 |
|
|
|a snk
|
| 999 |
|
|
|c 12797
|d 14727
|
| 952 |
|
|
|0 0
|1 0
|4 0
|7 0
|8 0
|a SNK
|b SNK
|d 2017-11-22
|i snk2017/25740
|l 0
|o snkČSC 3760/[2006]
|p 17A1266009
|r 2026-02-21 22:12:07
|t č. [1-2]
|w 2026-02-21
|y PREZ
|
| 952 |
|
|
|0 0
|1 0
|4 0
|7 0
|8 0
|a SNK
|b SNK
|d 2017-11-22
|i snk2017/25740
|l 0
|o snkČSC 3760/3/2007
|p 17A1266010
|r 2026-02-21 22:12:07
|t č. 1-2
|w 2026-02-21
|y PREZ
|
| 952 |
|
|
|0 0
|1 0
|4 0
|7 0
|8 0
|a SNK
|b SNK
|d 2017-11-22
|i snk2017/25740
|l 0
|o snkČSC 3760/3[4]/2008
|p 17A1266011
|r 2026-02-21 22:12:07
|t č. 1-2
|w 2026-02-21
|y PREZ
|
| 952 |
|
|
|0 0
|1 0
|4 0
|7 0
|8 0
|a SNK
|b SNK
|d 2017-11-22
|i snk2017/25740
|l 0
|o snkČSC 3760/4[5]/2009
|p 17A1266012
|r 2026-02-21 22:12:07
|t č. 1-2
|w 2026-02-21
|y PREZ
|